000 00223nam a2200097Ia 4500
008 190216s9999||||xx |||||||||||||| ||und||
100 _aAbdul Hasan Ali Nadiri
245 0 _aAl Islamic Min Jadeedin
260 _bNull
942 _cBK
999 _c110
_d110